LEADER 01908nam0 22003973i 450 001 RAV0093727 005 20251003044322.0 010 $a8878350036 100 $a19900307d1990 ||||0itac50 ba 101 | $aita 102 $ait 181 1$6z01$ai $bxxxe 182 1$6z01$an 200 1 $aGiuseppe Toniolo tra economia e storia$fAmleto Spicciani 210 $aNapoli$cGuida$d[1990] 215 $a196 p.$d23 cm. 225 | $aGuida ricerca$i. Storia 410 0$1001CFI0031450$12001 $aGuida ricerca$i. Storia 606 $aToniolo, Giuseppe$2FIR$3CFIC007991$9E 676 $a322.10945$9RELAZIONI DELLO STATO CON LE COLLETTIVITA RELIGIOSE. Italia$v20 686 $aIT/0427.0$cCULTURA E ISTRUZIONE ITALIA 1900-1918$2R 686 $aX0.1/TONIOLO,GIUSEPPE$cBIOGRAFIE E SCRITTI SU GIUSEPPE TONIOLO$2R 686 $aX04.1$cSTORIA E METODOLOGIA DELLA STORIOGRAFIA$2R 700 1$aSpicciani$b, Amleto$3CFIV014617$4070$0166888 801 3$aIT$bIT-000000$c19900307 850 $aIT-BN0095 $aIT-NA0079 $aIT-NA0261 $aIT-NA0075 $aIT-NA0452 $aIT-NA0580 901 $bNAP BN$cMAGAZZINO $nmagazzini correnti divisi per anni 901 $bNAP PS$cF.ILLIBATO$n$ 901 $bNAP IS$cISEM $nSezione di storia economica dell'ex Istituto di storia economica del Mezzogiorno 901 $bNAP 01$cPOZZO LIB.$nVi sono collocati fondi di economia, periodici di ingegneria e scienze, periodici di economia e statistica e altri fondi comprendenti documenti di economia pervenuti in dono. 901 $bNAP FT$cST. CIV. $n$ 912 $aRAV0093727 950 0$aBiblioteca Centralizzata di Ateneo$c1 v.$d 01POZZO LIB.ECON MON 3787$e 0101 0000101395E VMA v. 1$fB $h20210324$i20210324 977 $a 01$a BN$a FT$a GE$a IS$a PS 996 $aGiuseppe Toniolo tra economia e storia$9631498 997 $aUNISANNIO